000 00469cam a2200157 a 4500
020 _a0072295597 (hc. : alk. paper)
020 _a0072295589 (pbk. : alk. paper)
040 _cDLC
082 0 0 _a973 MCG 2000 A099 Or.
100 1 _aBrinkley, Alan.
245 1 4 _aThe unfinished nation :
_ba concise history of the American people /
250 _a3rd ed.
260 _aBoston :
_bMcGraw-Hill,
_cc2000.
300 _axl, 1048 p. :
_bill., col. maps ;
_c24 cm.
942 _cEK
999 _c12328
_d12328